| 000 | 00881naa a22002777a 4500 | ||
|---|---|---|---|
| 001 | BR9301901 | ||
| 003 | BR-BrBNA | ||
| 005 | 20240918181039.0 | ||
| 007 | ta | ||
| 008 | 230509b bl.||||| |||| 00| 0 por d | ||
| 040 |
_aBR-BrBNA _bpor _cBiblioteca Nacional de Agricultura |
||
| 041 | _a(Pt) | ||
| 072 |
_aH01; N20 _b0710 _b3871 |
||
| 090 | _aH01 BR9301901 | ||
| 100 | 1 | _aKatsurayama, Y. | |
| 100 | 1 | _aPalladini, L.A. | |
| 245 | 1 | _aTecnologia de aplicacao de defensivos | |
| 260 | 3 |
_aFlorianopolis, SC (Brasil): _c1986. |
|
| 500 | _aManual da cultura da macieira Florianopolis, SC (Brasil): 1986. p. 443-466 (BR9301901-AM)H01 | ||
| 650 | _aMaca | ||
| 650 | _aDefensivo | ||
| 650 | _aPulverizador | ||
| 773 | 0 |
_tManual da cultura da macieira _w0710 BR9301884 _gFlorianopolis, SC (Brasil), 1986. _q562 p. |
|
| 909 |
_a202404 _bLucia _c55 _dLucia Elande |
||
| 942 |
_cAM _2AGRIS |
||
| 999 |
_c323343 _d323343 |
||